00562nam a2200181Ia 450000500170000000800410001702000140005804000190007204100120009108200130010324501060011626000430022230000140026550400500027965000190032970000220034885000100037020230606142101.0131103s9999 xx 000 0 und d a710018215 aLoreto College aEnglish a940bMED aFrom Metternich to Hitlerb Aspect of British and Foreign History 1814-1939 cEdited by W.N.Medlicott aLondonbRoutledge and Kegan Paulc1963 aviii,267  aIncludes bibliographical references and index aEurope-History aMedlicott,W.N.,ed aLCLIB